000 00709nam a2200229Ia 4500
005 20240215093028.0
008 131103s9999 xx 000 0 und d
020 _a8173912815
_cRs.495
040 _aLoreto College
041 _aEnglish
082 _a352.14
_bGHO
100 _aGhosh,Ratna
245 _aPanchayat system in India
_b historical,constitutional and financial analysis
_cRatna Ghosh and Alok Kumar Pramanik
260 _aNew Delhi
_bKanishka Publishers
_c1999
300 _axii,244 p.
504 _aIncludes bibliographical references and index
630 _aIndia - Panchayat System
650 _aLocal Administration
651 _aLocal Government
850 _aLCLIB
942 _cBK
999 _c12436
_d62915